[Event "World Blitz Women 2016"]
[Site "Doha QAT"]
[Date "2016.12.30"]
[Round "16.5"]
[White "Goryachkina, Aleksandra"]
[Black "Harika, Dronavalli"]
[Result "1/2-1/2"]
[WhiteTitle "WGM"]
[BlackTitle "GM"]
[WhiteElo "2466"]
[BlackElo "2543"]
[WhiteFideId "4147103"]
[BlackFideId "5015197"]
[EventDate "2016.12.29"]

1. d4 Nf6 2. c4 g6 3. Nc3 d5 4. cxd5 Nxd5 5. e4 Nxc3 6. bxc3 Bg7 7. Be3 c5 8.
Qd2 O-O 9. Nf3 cxd4 10. cxd4 Nc6 11. Rd1 Bg4 12. Be2 Qa5 13. O-O Qxd2 14. Rxd2
Na5 15. Rc2 Rac8 16. Rfc1 Rxc2 17. Rxc2 Rc8 18. Rxc8+ Bxc8 19. d5 b6 20. Nd4 Bd7
21. f4 e6 22. dxe6 fxe6 23. Nb5 Nc6 24. e5 Bf8 25. Kf2 Kf7 26. g4 Be7 27. Bc4 g5
28. Nd6+ Kf8 29. Ne4 gxf4 30. Bxf4 Kg7 31. g5 Nd4 32. Nf6 Bc6 33. Be3 Bc5 34. h4
Nf3 35. Bxc5 bxc5 36. Bxe6 Nxe5 37. Bf5 c4 38. Ke3 Nf3 39. Nh5+ Kh8 40. Bg4 Nxh4
41. Kd4 Bf3 42. Bxf3 Nxf3+ 43. Kxc4 Nxg5 44. Kb5 Ne4 45. Ka6 Nc3 46. a3 h6 47.
Kxa7 Nb5+ 48. Kb6 Nxa3 49. Kc5 Kh7 50. Kd4 Kg6 51. Ng3 Kg5 52. Ke3 Kg4 53. Kf2
Nc4 54. Ne4 Ne5 55. Nf6+ Kg5 56. Ne4+ Kf4 57. Ng3 Ng4+ 58. Kg2 Ne3+ 59. Kh3 Kg5
60. Ne4+ Kf5 61. Ng3+ Kf4 62. Nh5+ Kg5 63. Ng3 Nd5 64. Ne4+ Kf5 65. Ng3+ Kg6 66.
Kg4 Nf6+ 67. Kh4 Nh7 68. Ne4 Kf5 69. Ng3+ Kg6 70. Ne4 1/2-1/2

[Event "World Blitz Women 2016"]
[Site "Doha QAT"]
[Date "2016.12.30"]
[Round "16.7"]
[White "Koneru, Humpy"]
[Black "Kashlinskaya, Alina"]
[Result "1-0"]
[WhiteTitle "GM"]
[BlackTitle "IM"]
[WhiteElo "2557"]
[BlackElo "2429"]
[WhiteFideId "5008123"]
[BlackFideId "4198026"]
[EventDate "2016.12.29"]

1. d4 Nf6 2. Nf3 g6 3. g3 Bg7 4. Bg2 O-O 5. c4 d6 6. O-O Nc6 7. Nc3 a6 8. Qc2
Rb8 9. Rd1 Bd7 10. e4 e5 11. dxe5 dxe5 12. Nd5 Bg4 13. Bg5 Nd4 14. Rxd4 exd4 15.
e5 Bf5 16. Qc1 h6 17. Nxf6+ Kh8 18. Bxh6 Bxf6 19. exf6 Qxf6 20. Bxf8 Rxf8 21.
Qh6+ Kg8 22. Ng5 Re8 23. Qh7+ Kf8 24. Qh6+ Kg8 25. Bd5 Re7 26. Qh7+ Kf8 27. Qh6+
Kg8 28. c5 c6 29. Bb3 d3 30. h3 Be6 31. Nxe6 fxe6 32. Qd2 Rf7 33. Rf1 Qf5 34.
Qe3 Rf6 35. g4 Qf4 36. Qxf4 Rxf4 37. Rd1 Rd4 38. Bxe6+ Kg7 39. Kg2 Kf6 40. Bb3
Ke5 41. Kf3 a5 42. a4 Rb4 43. Rxd3 Rf4+ 44. Ke3 Rb4 45. f3 g5 46. Rc3 Rf4 47.
Bc2 Rb4 48. b3 Rf4 49. Be4 Rf8 50. Rd3 Rh8 51. Rd7 Rxh3 52. Re7+ Kf6 53. Rxb7
Rh2 54. Rb6 Rb2 55. Rxc6+ Ke5 56. Rb6 Ra2 57. Kd3 Ra1 58. Kc4 Rc1+ 59. Kb5 Rc3
60. c6 Kd6 61. Kxa5 Kc7 62. Rb7+ Kc8 63. Bf5+ Kd8 64. Rd7+ Ke8 65. c7 Rc5+ 66.
Kb6 1-0

[Event "World Blitz Women 2016"]
[Site "Doha QAT"]
[Date "2016.12.30"]
[Round "16.8"]
[White "Ju, Wenjun"]
[Black "Gvetadze, Sofio"]
[Result "1-0"]
[WhiteTitle "GM"]
[BlackTitle "IM"]
[WhiteElo "2579"]
[BlackElo "2283"]
[WhiteFideId "8603006"]
[BlackFideId "13601440"]
[EventDate "2016.12.29"]

1. Nf3 Nf6 2. g3 g6 3. Bg2 Bg7 4. O-O O-O 5. c4 d6 6. d4 Nbd7 7. Nc3 e5 8. e4 c6
9. h3 Re8 10. Be3 exd4 11. Nxd4 Nc5 12. Qc2 Qc7 13. Rfe1 a5 14. Rad1 Bd7 15. g4
h5 16. g5 Nh7 17. Qd2 Rad8 18. f4 Bc8 19. Nde2 Na6 20. Bd4 Nf8 21. Bxg7 Kxg7 22.
f5 Re5 23. Nd4 Nc5 24. Nf3 Ree8 25. Qd4+ Kg8 26. e5 Bxf5 27. exd6 Qb6 28. Rxe8
Rxe8 29. b3 Nfe6 30. Qf2 Nf8 31. Nd4 Be6 32. Nxe6 Nfxe6 33. Ne4 Rf8 34. Nf6+ Kh8
35. h4 a4 36. bxa4 Qb4 37. Qe2 Qxa4 38. d7 Rd8 39. Rd2 Qb4 40. Qe3 Qb1+ 41. Kh2
Qf5 42. Rf2 Qb1 43. Qe5 Nd3 44. Qe4 Qd1 45. Rf1 Qd2 1-0

[Event "World Blitz Women 2016"]
[Site "Doha QAT"]
[Date "2016.12.30"]
[Round "16.10"]
[White "Arabidze, Meri"]
[Black "Zhukova, Natalia"]
[Result "0-1"]
[WhiteTitle "IM"]
[BlackTitle "GM"]
[WhiteElo "2379"]
[BlackElo "2440"]
[WhiteFideId "13604040"]
[BlackFideId "14101513"]
[EventDate "2016.12.29"]

1. d4 Nf6 2. Nf3 d5 3. c4 c6 4. e3 e6 5. Nc3 Nbd7 6. Qc2 Bd6 7. b3 O-O 8. Bd3 b6
9. O-O Bb7 10. Bb2 Qe7 11. e4 dxe4 12. Nxe4 Nxe4 13. Bxe4 f5 14. Bd3 c5 15. Qe2
Rae8 16. dxc5 Nxc5 17. Ne5 Nxd3 18. Qxd3 f4 19. f3 Rf5 20. Rfe1 Bc5+ 21. Kh1 Rd8
22. Qe2 Qh4 23. h3 Rh5 24. Ng4 Re8 25. Rad1 Qxg4 26. Bd4 Bxd4 27. Rxd4 Rxh3+ 28.
Kg1 Bxf3 29. Qd2 Rg3 30. Qxf4 Rxg2+ 31. Kf1 Rg1+ 32. Kf2 Qg2+ 0-1

[Event "World Blitz Women 2016"]
[Site "Doha QAT"]
[Date "2016.12.30"]
[Round "16.11"]
[White "Geldiyeva, Mahri"]
[Black "Pham, Le Thao Nguyen"]
[Result "0-1"]
[WhiteTitle "WGM"]
[BlackTitle "IM"]
[WhiteElo "2220"]
[BlackElo "2351"]
[WhiteFideId "14000059"]
[BlackFideId "12401226"]
[EventDate "2016.12.29"]

1. d4 d5 2. Nf3 Nf6 3. Bf4 c5 4. c3 e6 5. e3 Nc6 6. Bd3 Bd6 7. Bg3 O-O 8. Nbd2
b6 9. Ne5 Bb7 10. O-O Qc7 11. f4 Ne7 12. Qf3 Nf5 13. Bf2 Be7 14. g4 Nd6 15. Rad1
Nfe4 16. Be1 f6 17. f5 exf5 18. gxf5 fxe5 19. dxe5 Nxf5 20. Qh3 Qxe5 21. Nxe4
dxe4 22. Bc4+ Kh8 23. Rd7 Bc6 24. Rd2 Bg5 25. Bf2 h6 26. Rfd1 Rad8 27. Rxd8 Rxd8
28. Rxd8+ Bxd8 29. Qh5 Qf6 30. b3 Qg5+ 31. Qxg5 Bxg5 0-1

[Event "World Blitz Women 2016"]
[Site "Doha QAT"]
[Date "2016.12.30"]
[Round "16.12"]
[White "Purtseladze, Maka"]
[Black "Abdumalik, Zhansaya"]
[Result "0-1"]
[WhiteTitle "IM"]
[BlackTitle "WGM"]
[WhiteElo "2347"]
[BlackElo "2405"]
[WhiteFideId "13602659"]
[BlackFideId "13703544"]
[EventDate "2016.12.29"]

1. b3 Nf6 2. Bb2 g6 3. Nf3 Bg7 4. g3 b6 5. Bg2 Bb7 6. O-O O-O 7. d3 c5 8. c4 d6
9. Nc3 Nbd7 10. a3 a6 11. b4 Qc7 12. Qb3 Rac8 13. b5 a5 14. Ne1 Bxg2 15. Nxg2
Rfe8 16. e4 Ne5 17. Qd1 Ned7 18. Ne3 e6 19. f4 Qb7 20. Qf3 Rcd8 21. Rad1 Qa8 22.
Ba1 Qb7 23. g4 Rf8 24. Ne2 Nb8 25. g5 Nh5 26. Bxg7 Kxg7 27. Ng3 Nxg3 28. hxg3 f5
29. gxf6+ Rxf6 30. Kg2 Rdf8 31. Rh1 Nd7 32. Ng4 R6f7 33. Rh2 h5 34. Ne3 Qc8 35.
Rdh1 Nf6 36. Qe2 Qb7 37. g4 Nxg4 38. Nxg4 Rxf4 39. Ne3 Rf2+ 40. Qxf2 Rxf2+ 41.
Kxf2 Qf7+ 42. Ke2 Qf6 43. Rf1 Qb2+ 44. Kf3 Qxh2 45. Rf2 Qe5 46. Ke2 Qb2+ 47. Kf3
Qxa3 48. e5 Qxd3 49. exd6 Qxd6 50. Ke2 a4 51. Rf1 Qe5 52. Rd1 a3 53. Rd7+ Kh6
54. Ra7 Qb2+ 55. Kd3 a2 56. Nc2 Qb3+ 0-1

[Event "World Blitz Women 2016"]
[Site "Doha QAT"]
[Date "2016.12.30"]
[Round "16.13"]
[White "Ovezdurdiyeva, Jemal"]
[Black "Javakhishvili, Lela"]
[Result "0-1"]
[WhiteTitle "WFM"]
[BlackTitle "IM"]
[WhiteElo "2080"]
[BlackElo "2461"]
[WhiteFideId "14001888"]
[BlackFideId "13601458"]
[EventDate "2016.12.29"]

1. d4 Nf6 2. c4 e6 3. Nc3 Bb4 4. e3 O-O 5. Ne2 d5 6. a3 Be7 7. cxd5 exd5 8. Nf4
a5 9. Bd3 c6 10. O-O Na6 11. Nh5 Nc7 12. Nxf6+ Bxf6 13. Qc2 g6 14. Bd2 Kg7 15.
b4 axb4 16. axb4 Bd7 17. Na4 Ne6 18. Nc5 Rxa1 19. Rxa1 Bc8 20. b5 Qd6 21. Nxe6+
Bxe6 22. Qb3 c5 23. dxc5 Qe5 24. Rc1 d4 25. Qb4 dxe3 26. Bxe3 Bd5 27. c6 bxc6
28. bxc6 Rc8 29. Qb7 Rc7 30. Qb6 Qd6 31. Bb5 Be5 32. h3 Be4 33. Qc5 Qf6 34. Qc4
Qf5 35. Bb6 Qf4 36. Bxc7 Qh2+ 37. Kf1 Qxg2+ 38. Ke1 Bxc7 39. Qd4+ Kh6 40. Qe3+
g5 41. Bf1 Qh1 42. Rc5 Bf4 43. Qc3 Bg6 44. c7 Qe4+ 45. Kd1 Bh5+ 46. f3 Bxf3+ 47.
Qxf3 Qxf3+ 48. Be2 Qb3+ 49. Ke1 Bxc7 50. Rxc7 Qg3+ 0-1

[Event "World Blitz Women 2016"]
[Site "Doha QAT"]
[Date "2016.12.30"]
[Round "16.14"]
[White "Saduakassova, Dinara"]
[Black "Hallaeva, Bahar"]
[Result "1-0"]
[WhiteTitle "WGM"]
[BlackTitle "WFM"]
[WhiteElo "2428"]
[BlackElo "2112"]
[WhiteFideId "13700090"]
[BlackFideId "14000679"]
[EventDate "2016.12.29"]

1. d4 Nf6 2. c4 e6 3. g3 d5 4. Nf3 Bb4+ 5. Bd2 Bxd2+ 6. Qxd2 Ne4 7. Qc2 Nd7 8.
Bg2 f5 9. O-O Ndf6 10. Nbd2 O-O 11. Ne5 c6 12. Rad1 Bd7 13. f3 Nxd2 14. Qxd2 Be8
15. Qb4 Qc7 16. Nd3 Rb8 17. Rde1 Bg6 18. Nf4 Bf7 19. Qc3 Rfe8 20. Nd3 Bg6 21.
Ne5 Rbd8 22. c5 Qe7 23. Qa3 Ra8 24. b4 a6 25. Qe3 Qc7 26. h3 Bf7 27. a4 Re7 28.
Qc3 Be8 29. Kh2 Bd7 30. e4 dxe4 31. fxe4 fxe4 32. Bxe4 Rf8 33. Qd3 Be8 34. Bg2
Qd8 35. Rf4 Bd7 36. Ref1 Ree8 37. Rh4 g6 38. Nxg6 Rf7 39. Ne5 Rg7 40. Rh6 Nd5
41. Ng4 Rf8 42. Rxf8+ Kxf8 43. Rxh7 Qg5 44. Rxg7 Qxg7 45. Ne5 Be8 46. Qf3+ Kg8
47. Qb3 Bh5 48. Bxd5 exd5 49. Qe3 Qf6 50. g4 Be8 51. Kg3 Qf1 52. Qg5+ Kf8 53.
Qf5+ Qxf5 54. gxf5 Bh5 55. Kf4 Bd1 56. a5 Ke7 57. Kg5 Bf3 58. Nxf3 1-0

[Event "World Blitz Women 2016"]
[Site "Doha QAT"]
[Date "2016.12.30"]
[Round "16.16"]
[White "Khademalsharieh, Sarasadat"]
[Black "Krivec, Jana"]
[Result "1-0"]
[WhiteTitle "IM"]
[BlackTitle "WGM"]
[WhiteElo "2438"]
[BlackElo "2264"]
[WhiteFideId "12512214"]
[BlackFideId "14601982"]
[EventDate "2016.12.29"]

1. d4 f5 2. c4 Nf6 3. Nc3 d6 4. Bg5 e6 5. Qc2 Be7 6. O-O-O O-O 7. f3 a6 8. e4
fxe4 9. fxe4 Ng4 10. Bxe7 Qxe7 11. Nf3 Ne3 12. Qd2 Nxd1 13. Qxd1 Bd7 14. e5 b5
15. h4 c5 16. Bd3 cxd4 17. Ng5 g6 18. Nce4 dxe5 19. h5 bxc4 20. hxg6 cxd3 21.
Rxh7 Qb4 22. Qh1 d2+ 23. Nxd2 Rc8+ 24. Kb1 Qxd2 25. Rh8+ Kg7 26. Qh6+ Kf6 27.
Ne4+ Kf5 28. Nxd2 Rxh8 29. Qxh8 Kxg6 30. Nf3 Ra7 31. Qxb8 Kf5 32. Qxa7 1-0

[Event "World Blitz Women 2016"]
[Site "Doha QAT"]
[Date "2016.12.30"]
[Round "16.17"]
[White "Zhu, Chen"]
[Black "Sviridova, Vlada"]
[Result "0-1"]
[WhiteTitle "GM"]
[BlackTitle "WFM"]
[WhiteElo "2419"]
[BlackElo "2144"]
[WhiteFideId "8600546"]
[BlackFideId "24109606"]
[EventDate "2016.12.29"]

1. d4 d5 2. c4 c6 3. Nf3 Nf6 4. Nc3 dxc4 5. a4 Bf5 6. Nh4 e6 7. Nxf5 exf5 8. e3
Bb4 9. Bxc4 O-O 10. O-O Nbd7 11. Qc2 Nb6 12. Bb3 Qd7 13. Bd2 a5 14. Rad1 Rae8
15. Bc1 Nbd5 16. Na2 Bd6 17. Bd2 Ne4 18. Bxa5 Re6 19. Bxd5 cxd5 20. f3 Nf6 21.
Bd2 Ree8 22. Nc3 Rc8 23. Qb3 Rc6 24. Kh1 Bb8 25. Be1 Re8 26. Bf2 Rd8 27. h3 Nh5
28. f4 Nf6 29. Bh4 Qe6 30. Rfe1 Rd7 31. Bxf6 Qxf6 32. Qb5 Qe6 33. Qd3 Rb6 34.
Re2 g6 35. Rc1 Rc7 36. Rec2 Rcc6 37. Nb5 Rxc2 38. Rxc2 Rc6 39. Rxc6 Qxc6 40. Nc3
Bc7 41. Qb5 Qe6 42. Nxd5 Bd6 43. b3 Kg7 44. Qxb7 Qe4 45. Qb5 Qb1+ 46. Kh2 Qe4
47. a5 g5 48. Qc6 Qe6 49. a6 gxf4 50. Kg1 fxe3 51. Nc3 e2 0-1

[Event "World Blitz Women 2016"]
[Site "Doha QAT"]
[Date "2016.12.30"]
[Round "17.3"]
[White "Gunina, Valentina"]
[Black "Zhao, Xue"]
[Result "1-0"]
[WhiteTitle "GM"]
[BlackTitle "GM"]
[WhiteElo "2525"]
[BlackElo "2504"]
[WhiteFideId "4167570"]
[BlackFideId "8601283"]
[EventDate "2016.12.29"]

1. d4 Nf6 2. c4 e6 3. Nf3 Bb4+ 4. Bd2 Qe7 5. g3 O-O 6. Bg2 d5 7. O-O dxc4 8. Qc2
Nc6 9. Qxc4 Bxd2 10. Nbxd2 Rd8 11. Rac1 Bd7 12. Rfd1 Rac8 13. Nb3 Be8 14. e3 b6
15. Nfd2 Nb4 16. a3 Nbd5 17. e4 b5 18. Qe2 Nb6 19. e5 Nfd5 20. Nc5 Bc6 21. Be4
Qe8 22. Qh5 h6 23. Qe2 Ne7 24. Na6 Bxe4 25. Nxe4 Nbd5 26. Nac5 Rb8 27. h4 a5 28.
Nb3 a4 29. Nbc5 Nf5 30. h5 Nb6 31. Na6 Nxd4 32. Qg4 f5 33. exf6 Qf7 34. Nxb8 e5
35. Nc6 Nxc6 36. Rxc6 Nd5 37. fxg7 1-0

[Event "World Blitz Women 2016"]
[Site "Doha QAT"]
[Date "2016.12.30"]
[Round "17.4"]
[White "Tan, Zhongyi"]
[Black "Saduakassova, Dinara"]
[Result "1/2-1/2"]
[WhiteTitle "WGM"]
[BlackTitle "WGM"]
[WhiteElo "2496"]
[BlackElo "2428"]
[WhiteFideId "8603642"]
[BlackFideId "13700090"]
[EventDate "2016.12.29"]

1. Nf3 e6 2. g3 b5 3. Bg2 Bb7 4. O-O Nf6 5. d3 d6 6. Na3 a6 7. c4 b4 8. Nc2 c5
9. d4 Be7 10. a3 a5 11. axb4 axb4 12. Rxa8 Bxa8 13. b3 O-O 14. Bb2 Nbd7 15. dxc5
dxc5 16. Ne3 Ne4 17. Qc2 Bf6 18. Nd2 Nxd2 19. Qxd2 Bxg2 20. Kxg2 Bxb2 21. Qxb2
Nf6 22. Rd1 Qa8+ 23. f3 h6 24. Qe5 Qa2 25. Kf2 Rc8 26. Rd3 Qb1 27. Qd6 Qb2 28.
Qa6 Re8 29. Qc6 e5 30. Nd5 Re6 31. Qxc5 e4 32. Nxf6+ Rxf6 33. Re3 exf3 34. Rxf3
Rxf3+ 35. Kxf3 Qxb3+ 36. Kf2 Qb1 37. Qc8+ Kh7 38. c5 b3 39. c6 b2 40. c7 Qe4 41.
Qb8 b1=Q 42. Qxb1 Qxb1 43. c8=Q Qb6+ 44. Kg2 g6 45. Qe8 Kg7 46. Qe5+ Qf6 47. Qe4 1/2-1/2

[Event "World Blitz Women 2016"]
[Site "Doha QAT"]
[Date "2016.12.30"]
[Round "17.6"]
[White "Pham, Le Thao Nguyen"]
[Black "Ju, Wenjun"]
[Result "1-0"]
[WhiteTitle "IM"]
[BlackTitle "GM"]
[WhiteElo "2351"]
[BlackElo "2579"]
[WhiteFideId "12401226"]
[BlackFideId "8603006"]
[EventDate "2016.12.29"]

1. d4 Nf6 2. Nf3 g6 3. g3 Bg7 4. Bg2 O-O 5. O-O d6 6. c4 Nc6 7. Nc3 a6 8. e4 Bg4
9. h3 Bxf3 10. Bxf3 e5 11. d5 Nd4 12. Bg2 c5 13. dxc6 bxc6 14. Be3 Nd7 15. Kh2
Rb8 16. b3 Qc7 17. Qd2 Nc5 18. Rad1 a5 19. Ne2 Nce6 20. f4 f5 21. Nxd4 exd4 22.
Bf2 fxe4 23. Bxe4 Rbd8 24. Rde1 Rde8 25. Bf3 Qb6 26. Bg4 Nc5 27. Bxd4 Nxb3 28.
axb3 Bxd4 29. Qd3 Kh8 30. h4 Bg7 31. Qf3 Rxe1 32. Rxe1 Qb4 33. Re2 Rb8 34. f5
gxf5 35. Bxf5 Qxb3 36. Re8+ Rxe8 37. Qxb3 Ra8 38. Qa4 c5 39. Bb1 Ra7 40. Qe8+ 1-0

[Event "World Blitz Women 2016"]
[Site "Doha QAT"]
[Date "2016.12.30"]
[Round "17.7"]
[White "Javakhishvili, Lela"]
[Black "Koneru, Humpy"]
[Result "1-0"]
[WhiteTitle "IM"]
[BlackTitle "GM"]
[WhiteElo "2461"]
[BlackElo "2557"]
[WhiteFideId "13601458"]
[BlackFideId "5008123"]
[EventDate "2016.12.29"]

1. c4 e6 2. Nf3 Nf6 3. g3 d5 4. Bg2 Be7 5. O-O O-O 6. b3 b6 7. Bb2 Bb7 8. e3
Nbd7 9. Qe2 c5 10. d3 Rc8 11. Nbd2 Rc7 12. Ne5 dxc4 13. Bxb7 Nxe5 14. Bxe5 Rxb7
15. dxc4 Rd7 16. Rfd1 Qa8 17. f3 Rfd8 18. Nf1 Qc6 19. g4 h6 20. Ng3 Nh7 21. Ne4
f6 22. Bg3 f5 23. gxf5 exf5 24. Nc3 Bf6 25. Rac1 Bxc3 26. Rxd7 Rxd7 27. Rxc3 Ng5
28. Kf2 Nxf3 29. Rd3 Ng5 30. Rxd7 Qxd7 31. Bf4 Ne4+ 32. Kg2 Qc6 33. Qf3 Qg6+ 34.
Kh1 Qf6 35. Bb8 a6 36. Qf4 Kh7 37. Be5 Qg5 38. Qxg5 hxg5 39. a4 Nd2 40. Bc7 Nxb3
41. Bxb6 Kg6 42. Kg2 Kf6 43. Bd8+ Ke5 44. Bxg5 Ke4 45. Kf2 Kd3 46. Kf3 Kxc4 47.
Kf4 g6 48. Ke5 Kd3 49. Kf6 c4 50. Kxg6 c3 51. Be7 c2 52. Ba3 Kxe3 53. Kxf5 c1=Q
54. Bxc1+ Nxc1 55. h4 Nb3 56. h5 Nd4+ 57. Ke5 Nf3+ 58. Kf6 Nh2 59. Kf5 Nf3 60.
h6 Nd4+ 61. Ke5 Nf3+ 62. Kf6 Nd2 63. h7 1-0

[Event "World Blitz Women 2016"]
[Site "Doha QAT"]
[Date "2016.12.30"]
[Round "17.8"]
[White "Harika, Dronavalli"]
[Black "Batsiashvili, Nino"]
[Result "1-0"]
[WhiteTitle "GM"]
[BlackTitle "IM"]
[WhiteElo "2543"]
[BlackElo "2482"]
[WhiteFideId "5015197"]
[BlackFideId "13602993"]
[EventDate "2016.12.29"]

1. c4 e5 2. g3 f5 3. Nc3 Nf6 4. Nf3 d6 5. d4 e4 6. Nh4 g6 7. Bg5 Bg7 8. e3 O-O
9. Be2 c6 10. Ng2 Be6 11. Nf4 Bf7 12. h4 h6 13. Bxf6 Qxf6 14. Qb3 b5 15. a4 Nd7
16. axb5 Rfb8 17. Qa3 Nb6 18. bxc6 Nxc4 19. Bxc4 Bxc4 20. Ncd5 Qf7 21. c7 Rb5
22. Qa6 Qd7 23. c8=Q+ Rxc8 24. Qxc8+ Qxc8 25. Ne7+ Kh7 26. Nxc8 Rxb2 27. Nxd6
Bd3 28. Nxd3 exd3 29. O-O g5 30. Nxf5 g4 31. Nxg7 Kxg7 32. Rxa7+ Kf6 33. Ra3 d2
34. Rd3 Kf5 35. Rd1 Ke4 36. R3xd2 Rb6 37. d5 Kf3 38. Rd4 Rb2 39. Rf4+ Ke2 40.
Ra1 Rd2 41. e4 h5 42. e5 Rxd5 43. Re4+ Kd3 44. Re3+ Kd2 45. e6 Rd8 46. e7 Re8
47. Ra6 1-0

[Event "World Blitz Women 2016"]
[Site "Doha QAT"]
[Date "2016.12.30"]
[Round "17.9"]
[White "Kashlinskaya, Alina"]
[Black "Goryachkina, Aleksandra"]
[Result "1-0"]
[WhiteTitle "IM"]
[BlackTitle "WGM"]
[WhiteElo "2429"]
[BlackElo "2466"]
[WhiteFideId "4198026"]
[BlackFideId "4147103"]
[EventDate "2016.12.29"]

1. d4 Nf6 2. c4 e6 3. Nc3 Bb4 4. e3 O-O 5. Bd3 d5 6. Nf3 dxc4 7. Bxc4 c5 8. a3
Ba5 9. O-O Nc6 10. Ne2 Qe7 11. Qc2 Bc7 12. dxc5 Qxc5 13. b4 Qh5 14. Nf4 Bxf4 15.
exf4 Bd7 16. Bb2 Rfd8 17. h3 Be8 18. Rad1 a5 19. b5 Ne7 20. Ng5 Ned5 21. Bxd5
Nxd5 22. Qe4 Qg6 23. Qd4 Bxb5 24. Rfe1 Qf6 25. Qd2 Qxf4 26. Ne4 Qxd2 27. Rxd2
Bc6 28. Red1 Rac8 29. Be5 a4 30. Nd6 Ra8 31. Nc4 Rd7 32. Rd4 f6 33. Bg3 b5 34.
Ne3 Rad8 35. Nxd5 Rxd5 36. Rxd5 Bxd5 37. Bc7 Rc8 38. Ba5 Rc2 39. Bb4 Kf7 40. Rd2
Rc1+ 41. Kh2 g5 42. Kg3 h5 43. h4 g4 44. Rd4 Rg1 45. Rd2 Rxg2+ 46. Kf4 e5+ 47.
Ke3 Ke6 48. Ke2 f5 49. Kf1 Rh2 50. Rc2 f4 51. Rc8 Rh1+ 52. Ke2 Bc4+ 53. Kd2 g3
54. Re8+ Kf6 55. Rf8+ Kg7 56. fxg3 fxg3 57. Rf3 Rh3 58. Bd6 1-0

[Event "World Blitz Women 2016"]
[Site "Doha QAT"]
[Date "2016.12.30"]
[Round "17.10"]
[White "Gaponenko, Inna"]
[Black "Sviridova, Vlada"]
[Result "1-0"]
[WhiteTitle "IM"]
[BlackTitle "WFM"]
[WhiteElo "2411"]
[BlackElo "2144"]
[WhiteFideId "14101181"]
[BlackFideId "24109606"]
[EventDate "2016.12.29"]

1. e4 e6 2. d4 d5 3. exd5 exd5 4. Nf3 Bd6 5. c4 Nf6 6. Nc3 dxc4 7. Bxc4 O-O 8.
O-O h6 9. h3 Nc6 10. Qc2 Re8 11. Be3 a6 12. Rfe1 Nb4 13. Qb3 Be6 14. Ne5 Bxc4
15. Qxc4 Re7 16. Rad1 Qe8 17. f4 b5 18. Qb3 Nc6 19. Bf2 Nd8 20. Nd5 Nxd5 21.
Qxd5 Ne6 22. f5 Ng5 23. f6 gxf6 24. Ng4 Kg7 25. Qf5 Re6 26. d5 Rxe1+ 27. Rxe1
Qd8 28. Bd4 Nh7 29. Qh5 Bf4 30. h4 Qd6 31. Rf1 Re8 32. Qf5 Bg3 33. Nxf6 Nxf6 34.
Bxf6+ Kf8 35. Qg4 Re3 36. Bd4 Bh2+ 37. Kh1 Re7 38. Qc8+ Re8 39. Bg7+ Kxg7 40.
Qxe8 Qxd5 41. Kxh2 Qd6+ 42. Kh1 Qd5 43. Re1 f6 44. Re7+ 1-0

[Event "World Blitz Women 2016"]
[Site "Doha QAT"]
[Date "2016.12.30"]
[Round "17.11"]
[White "Zhukova, Natalia"]
[Black "Purtseladze, Maka"]
[Result "1-0"]
[WhiteTitle "GM"]
[BlackTitle "IM"]
[WhiteElo "2440"]
[BlackElo "2347"]
[WhiteFideId "14101513"]
[BlackFideId "13602659"]
[EventDate "2016.12.29"]

1. d4 Nf6 2. c4 Nc6 3. Nf3 e6 4. a3 d6 5. Nc3 g6 6. e4 Bg7 7. Be2 O-O 8. O-O Re8
9. b4 e5 10. d5 Nd4 11. h3 Nxe2+ 12. Qxe2 Nh5 13. Qc2 Nf4 14. c5 a5 15. Be3 f5
16. Nd2 fxe4 17. Ndxe4 Bf5 18. Qb3 Qh4 19. Bxf4 exf4 20. f3 Bxe4 21. Nxe4 Bxa1
22. Rxa1 a4 23. Qc3 Re5 24. cxd6 cxd6 25. Nxd6 Rae8 26. Nxe8 Rxe8 27. d6 Rd8 28.
Rd1 Qg5 29. d7 Qe7 30. Qc4+ Kg7 31. Qd4+ Kg8 32. Qd5+ Kg7 33. Qxb7 Qe3+ 34. Kh1
Qe2 35. Qd5 Kh6 36. b5 Qb2 37. h4 Qf6 38. Qg5+ Qxg5 39. hxg5+ 1-0

[Event "World Blitz Women 2016"]
[Site "Doha QAT"]
[Date "2016.12.30"]
[Round "17.12"]
[White "Abdumalik, Zhansaya"]
[Black "Geldiyeva, Mahri"]
[Result "1-0"]
[WhiteTitle "WGM"]
[BlackTitle "WGM"]
[WhiteElo "2405"]
[BlackElo "2220"]
[WhiteFideId "13703544"]
[BlackFideId "14000059"]
[EventDate "2016.12.29"]

1. e4 Nf6 2. e5 Nd5 3. d4 d6 4. Nf3 dxe5 5. Nxe5 e6 6. c3 Nd7 7. Nc4 N7f6 8. Bd3
c5 9. dxc5 Bxc5 10. O-O O-O 11. Qf3 h6 12. b4 Be7 13. a3 b6 14. Qe2 Bb7 15. Ne5
Rc8 16. c4 Nc7 17. Bb2 b5 18. Rd1 Qe8 19. c5 Ncd5 20. g3 a5 21. Bxb5 Qd8 22. Nc3
axb4 23. axb4 Qc7 24. Nxd5 Bxd5 25. Bd3 Rb8 26. Bc3 Rfc8 27. Ra5 Qb7 28. Rda1
Ra8 29. Ba6 Rxa6 30. Qxa6 Qc7 31. Qa7 Ne4 32. Qxc7 Rxc7 33. Be1 Bf6 34. f4 g5
35. Ra7 Rc8 36. Rd1 gxf4 37. gxf4 Bxe5 38. fxe5 Kg7 39. Bg3 Ng5 40. Kf2 Rb8 41.
Rb1 Ne4+ 42. Ke3 Nxc5 43. b5 Nb3 44. Rf1 Rxb5 45. Rfxf7+ Kg6 46. Rf6+ Kh5 47.
Rh7 Nc5 48. Rhxh6+ Kg4 49. Rfg6+ Kf5 50. Rf6+ Kg4 51. Rh4+ Kg5 52. Rd4 Rb3+ 53.
Ke2 Ne4 54. Rf8 Nxg3+ 55. hxg3 Bc6 56. Rg8+ Kf5 57. Rf4+ Kxe5 58. Rg5+ Kd6 59.
Rf6 Bd5 60. Kf2 Ke7 61. Rfg6 Kd6 62. Rg8 Ke7 63. R8g7+ Kd6 64. Ra7 Rb2+ 65. Ke3
Rb3+ 66. Kf4 Rf3+ 67. Kg4 Rf1 68. Ra6+ Ke7 69. Rg7+ Kf6 70. Rg8 Rc1 71. Rd8 Rc4+
72. Kh3 Ke5 73. Ra1 Rc2 74. Re1+ Kf5 75. Rf8+ Kg6 76. Kh4 Rh2+ 77. Kg4 Rc2 78.
Ref1 Rc4+ 79. R1f4 Rc7 80. R8f6+ Kg7 81. Kg5 Ba2 82. Rg6+ Kh8 83. Rh4+ Rh7 84.
Rxh7+ Kxh7 85. Rf6 Kg7 86. g4 Bd5 87. Rf2 Bc4 88. Rc2 Bd5 89. Rc7+ Kf8 90. Kf6
Kg8 91. g5 Kh8 92. g6 Kg8 93. Rc8# 1-0

[Event "World Blitz Women 2016"]
[Site "Doha QAT"]
[Date "2016.12.30"]
[Round "17.13"]
[White "Dzagnidze, Nana"]
[Black "Zhu, Chen"]
[Result "1-0"]
[WhiteTitle "GM"]
[BlackTitle "GM"]
[WhiteElo "2520"]
[BlackElo "2419"]
[WhiteFideId "13601903"]
[BlackFideId "8600546"]
[EventDate "2016.12.29"]

1. Nf3 d5 2. c4 d4 3. g3 g6 4. Bg2 Bg7 5. d3 e5 6. O-O Ne7 7. e3 O-O 8. exd4
exd4 9. Bf4 a5 10. Be5 Nbc6 11. Bxg7 Kxg7 12. Nbd2 Bf5 13. Ne4 Qc8 14. Re1 Re8
15. Qd2 h6 16. a3 a4 17. Rac1 Bh3 18. Bh1 Qf5 19. b4 axb3 20. Qb2 Red8 21. Qxb3
Qa5 22. Ra1 b6 23. Qb2 Bg4 24. Bg2 f5 25. Ned2 Qc3 26. Qb1 Bxf3 27. Nxf3 Ng8 28.
Rc1 Qa5 29. Qb5 Rd6 30. Ne1 Nge7 31. Nc2 Rad8 32. Nb4 Nxb4 33. axb4 Qxb5 34.
cxb5 R8d7 35. Ra7 Nd5 36. Bxd5 Rxd5 37. Rcxc7 Rxc7 38. Rxc7+ Kf8 39. Rc6 Rxb5
40. Rxg6 Kf7 41. Rxh6 Rxb4 42. h4 b5 43. h5 Rb3 44. Rb6 b4 45. Kg2 Kg7 46. Rb5
Kh6 47. Rxf5 Rxd3 48. Rb5 b3 49. g4 Rc3 50. f4 Re3 51. Rb6+ Kh7 52. Kf2 Rh3 53.
g5 b2 54. Kg2 Rxh5 55. Rxb2 Rh4 56. Kg3 Rh1 57. Rd2 Kg6 58. Rxd4 Rg1+ 59. Kf3
Rf1+ 60. Ke3 Re1+ 61. Kf2 Kf5 62. Kxe1 1-0